A sombra caçadora (Registo nº 836)

Detalhes MARC
000 -Etiqueta do registo
Cabeçalho 00676nam0a2200253 4500
005 - Identificador da versão
Campo de controlo 20240813121816.0
010 ## - Número internacional normalizado dos livros (ISBN)
Número (ISBN) 9722014560
021 ## - Número do Depósito Legal
Código do país PT
Número 122007/98
100 ## - Dados gerais de processamento
Dados gerais de processamento 20160624d1999 m y0pory5003 ba
102 ## - Pais de publicação ou produção
País de publicação Portugal
101 1# - Língua de publicação
Língua do texto, banda sonora, etc. Português
Língua do documento no original Espanhol
215 ## - Descrição física 
Indicação específica da natureza do documento e extensão da espécie 240, [1] p
200 1# - Titulo e menção de responsabilidade
Título próprio A sombra caçadora
Primeira menção de responsabilidade Suso de Toro
225 2# - Colecção 
Título próprio da colecção Minoria absoluta
Indicação de volume 3
205 ## - Menção da edição
Menção da edição 1ª edição
210 ## - Publicação, Distribuição, etc. 
Lugar da edição, distribuição, etc. Lisboa
Nome do editor, distribuidor, etc. Dom Quixote
Data da publicação, distribuição, etc. 1999
606 ## - Nome comum usado como assunto
Número de registo de entrada de autoridade 0002758
Palavra de ordem Literatura espanhola
Subdivisão de assunto Romance
Código do sistema CA
675 ## - Classificação Decimal Universal (CDU)
Notação 821.134.2-31
Edição 3ª ed.
Língua da edição por
700 #1 - Nome de autor-pessoa física (responsabilidade principal)
Número de registo de entrada de autoridade 0003028
Palavra de ordem Toro
Outra parte do nome não tomada para palavra de ordem Suso de
Datas 1956-
966 ## - Identificação da Biblioteca
Sigla EB2,3ENM
942 ## - Elementos de entrada adicionados (Koha)
Tipo de item no Koha Livro
Exemplares
Situação do levantamento Origin of item (home branch) (coded) Biblioteca de empréstimo Código de barras Cota Circulation type (not for loan) Tipo de documento Nota do exemplar Damaged status
  Biblioteca Escolar Eng. Nuno Mergulhão Biblioteca Escolar Eng. Nuno Mergulhão BENM1512 82LE-3 TOR   Livro Sem mensagem